Statistics for Largest Cities on the Baltic Sea

Click here to take the quiz!

General Stats

  • This quiz has been taken 34 times
  • The average score is 13 of 20

Answer Stats

CountryPopulationCity% Correct
Denmark1.296.000Copenhagen
100%
Finland1.232.000Helsinki
100%
Sweden1.539.000Stockholm
97%
Russia5.323.000St. Petersburg
97%
Estonia449.000Tallinn
97%
Latvia641.000Riga
93%
Sweden341.000Malmö
83%
Poland464.000Gdańsk
79%
Finland189.000Turku
69%
Germany247.000Kiel
66%
Finland201.000Oulu
55%
Germany208.000Rostock
55%
Germany217.000Lübeck
52%
Poland248.000Gdynia
45%
Russia449.000Kaliningrad
45%
Poland406.000Szczecin
41%
Sweden149.000Uppsala
41%
Lithuania149.000Klaipėda
38%
Sweden143.000Helsingborg
28%
Sweden137.000Norrköping
28%

Score Distribution

Percentile by Number Answered

Percent of People with Each Score

Your Score History

You have not taken this quiz